• 首页
  • 本馆介绍
  • 公告通知
  • 最新文献
  • 馆藏检索
  • 电子资源
  • 读者荐购
  • 参考咨询
  • CALIS
  • 我的图书馆
  • 登录
  • 详细信息显示
  • 放入我的书架
  • 预约/预借图书
  • 作者相关作品
  • 分类相关作品
  • 丛书相关作品
  • 出版社相关作品

书目信息

  • 表格格式
  • 工作单格式
  • 卡片格式
题名:
中国装甲兵传奇
    
 
作者: 杨震 , 左东 著
分册:  
出版信息: 济南   黄河出版社  1999.05
页数: 416页
开本: 32开
丛书名:
单 册:
中图分类: E271.3
科图分类:
主题词: 武装力量--中国 , 军种--中国 , 兵种--中国
电子资源:
ISBN: 7-80152-096-3
 
 
 
 
 
000 00640nam0 2200229 45
001 0010021576
005 20001002160138.7
010    @a7-80152-096-3@d20.00元
100    @a20001002d1999 km y0chiy0120 ea
101 0  @achi
105    @a z 000yy
200 1  @a中国装甲兵传奇@AZhong Guo Zhuang Jia Bing Chuan Qi@f杨震,左东著@FYang Zhen,Zuo Dong Zhu
210    @a济南@c黄河出版社@d1999.05
215    @a416页@d32开
606 0  @a武装力量@x中国
606 0  @a军种@x中国
606 0  @a兵种@x中国
690    @aE271.3@v3
701  0 @a杨震@4著
701  0 @a左东@4著
801    @aCN@bPftUser@c20001002
905    @b162349-353@dE271.3@eY.231@f5
    
    中国装甲兵传奇/杨震,左东著.-济南:黄河出版社,1999.05
    416页;32开
    
    
    ISBN 7-80152-096-3:20.00元
    
●
相关链接 在E读中查询图书 在当当中查询图书 在豆瓣中查询图书


正题名:中国装甲兵传奇     索取号:E271.3/Y.231         预约/预借

序号 登录号 条形码 馆藏地/架位号 状态 备注
1 162349   201623494   社科库509/509社科库 118排1列2层/ [索取号:E271.3/Y.231] 在馆    
2 162350   201623500   社科库509/509社科库 118排1列2层/ [索取号:E271.3/Y.231] 在馆    
3 162352   201623528   社科库509/509社科库 118排1列2层/ [索取号:E271.3/Y.231] 在馆    
4 162353   201623537   社科库509/509社科库 118排1列2层/ [索取号:E271.3/Y.231] 在馆    
河南城建学院图书馆 欢迎您!
大连网信软件有限公司© 版权所有